| 000 | 01293nam a2200229Ia 4500 | ||
|---|---|---|---|
| 001 | L251-17978 | ||
| 003 | IT-CnALBA | ||
| 008 | 170116s9999||||xx |||||||||||||| ||und|| | ||
| 040 |
_aIT-CnALBA _cIT-CnALBA |
||
| 041 | _aITALIANO | ||
| 100 | _aFRANCO P. SECONDO, SJ. | ||
| 245 | 0 | _aOPERE. VOL. IV, PARTE I: DEVOZIONE AL SACRO CUORE DI GESÙ. IL MESE DI GIUGNO CONSACRATO... | |
| 250 | _a2a ed. | ||
| 260 |
_aARC. MODENA. _bIMMAC. CONCEZ. TIP. PONT. _c1882 [1° Ed.: - Ed.Ling.Originale: 1854] |
||
| 300 | _a654 p. (prefazione: 3) | ||
| 500 | _aECCELLENZA E FRUTTI DELLA DEVOZIONE AL CUORE DI GESÙ. CONOSCENZA. AMORE. IMITAZIONE.. CONFIDENZA. UNIONE. SICUREZZA. CONFORTO. B. MARGHERITA M. ALACOQUE. S. GERTRUDE. METILDE. APOSTOLATO DELLA PREGHIERA. IL CUORE DI GESÙ, MODELLO DI OGNI VIRTÙ. (CFR. 6639 | ||
| 501 | _aSocietà San Paolo EM - Piazza San Paolo, 14 - 12051 ALBA (CN) (non commercial uses only) ® Copyright 2017 | ||
| 520 | _aECCELLENZA E FRUTTI DELLA DEVOZIONE AL CUORE DI GESÙ. CONOSCENZA. AMORE. IMITAZIONE.. CONFIDENZA. UNIONE. SICUREZZA. CONFORTO. B. MARGHERITA M. ALACOQUE. S. GERTRUDE. METILDE. APOSTOLATO DELLA PREGHIERA. IL CUORE DI GESÙ, MODELLO DI OGNI VIRTÙ. (CFR. 6639 | ||
| 650 | _aPREDICAZIONE - ORATORIA SACRA | ||
| 942 | _cBK | ||
| 957 | _71 | ||
| 999 |
_a22723 _bSI _g Copie: 1 _c277108 _d277108 |
||